Pixel Art Mystery Picture - Christmas - Statistics

General Stats
  • This quiz has been taken 228 times
  • The average score is 14 of 18
Answers on the Map
Answers color-coded by a green-red scale on the quiz's map according to % correct below.
 
Answer Stats
Group Hint Answer % Correct
Question Reindeer that had a bright red nose Rudolph
96%
Question Where Santa Claus supposedly lives The North Pole
94%
Question Decoration usually placed at the top of a Christmas tree A star
93%
Question Prominent figure in Christianity whose birthday is on Christmas Day Jesus
93%
Picture Present
90%
Question What naughty children get under the Christmas tree Coal
89%
Question Who sang "All I Want For Christmas Is You?" Mariah Carey
89%
Picture Santa hat
89%
Question Couples traditionally kiss under this plant, even though it's poisonous Mistletoe
85%
Question Sweet and hot beverage often paired with marshmallows Hot chocolate
81%
Question Holiday drink also known as 'milk punch' Eggnog
77%
Question Type of precipitation made of ice crystals; forms in a hexagonal shape Snowflake
74%
Question Gifts the wise men gave to baby Jesus Gold
73%
Question Country where the tradition of decorating Christmas trees came from Germany
57%
Question The gift given on the 3rd day of Christmas Three {French hens}
56%
Question Gifts the wise men gave to baby Jesus Frankincense
53%
Question Half-goat, half-demon that punishes naughty children Krampus
50%
Question Gifts the wise men gave to baby Jesus Myrrh
50%
No matching quizzes found
Score Distribution
Percent of People with Each Score
Percentile by Number Answered
Your Score History
You have not taken this quiz